The Smurfs in Different Languages Quiz Stats

 Plays Quiz not verified by Sporcle

Also try: Southern Grab Bag
Challenge
Share
Tweet
Embed
Score 0/21 Timer 05:00
0 Plays Today
The Smurfs Language % Correct
SmurfsEnglish
76.4%
SchlümpfeGerman
72.6%
SchtroumpfsFrench (original)
58.5%
PitufosSpanish-Galician
52.8%
SmølferneDanish
44.3%
SmurfenDutch
44.3%
PuffiItalian
42.5%
Hupikék törpikékHungarian
39.6%
ŞirinlerTurkish
32.1%
Estrumpfes/StrunfsPortuguese (smurfs in Brazil)
28.3%
Smurferna/SmurfarnaSwedish
25.5%
The Smurfs Language % Correct
Strumparnir/SkríplarnirIcelandic
23.6%
SmoulovéCzech
19.8%
SmerfyPolish
19.8%
ȘtrumfiRomanian
17%
SmurffitFinnish
17%
BarrufetsCatalan
15.1%
SmurfeneNorwegian
11.3%
PottokiakBasque
5.7%
SmurfojEsperanto
3.8%
Schlumpfen/SchlumfenLuxembourgish
0.9%

You're not logged in!

Compare scores with friends on all Sporcle quizzes.
Join for Free
OR
Log In

You Might Also Like...

Show Comments

Extras

Top Quizzes Today


Score Distribution

Your Account Isn't Verified!

In order to create a playlist on Sporcle, you need to verify the email address you used during registration. Go to your Sporcle Settings to finish the process.

Report this User

Report this user for behavior that violates our Community Guidelines.

Details: